Statistics for The Americas Geography by Letter - I

Click here to take the quiz!

General Stats

  • This quiz has been taken 351 times
    (101 since last reset)
  • The average score is 14 of 20

Answer Stats

ClueAnswer% Correct
Chicago's stateIllinois
100%
Boise is its capitalIdaho
98%
Civilization that built Machu PicchuInca
98%
House made of snowIgloo
97%
The Hawkeye StateIowa
94%
Motor racing city in MidwestIndianapolis
91%
Native people of the ArcticInuit
88%
Philadelphia building in which the
Continental Congress met
{Independence}
Hall
77%
Famous Rio de Janeiro beachIpanema
77%
Narrow strip of land that
connected North America
to South America until 1914
{Isthmus} of
Panama
77%
Group of prestigious universities,
aka "The Ancient Eight"
Ivy League
72%
Famous waterfalls on the
Argentina–Brazil border
Iguazú Falls
67%
Confederation of six different
Native American tribes
Iroquois
60%
City in New York that is home
to the Cornell University
Ithaca
60%
Ore-rich area of Minnesota{Iron} Range
58%
Language with the second-most
native speakers in Argentina
Italian
49%
Alaskan sled-dog raceIditarod
44%
Capital of Nunavut, CanadaIqaluit
38%
Urban region in southern California{Inland} Empire
37%
Largest of the Galápagos IslandsIsabela
14%

Score Distribution

Percentile by Number Answered

Percent of People with Each Score

Your Score History

You have not taken this quiz since the last reset